<?xml version="1.0" encoding="UTF-8"?>
<record
    xmlns:xsi="http://www.w3.org/2001/XMLSchema-instance"
    xsi:schemaLocation="http://www.loc.gov/MARC21/slim http://www.loc.gov/standards/marcxml/schema/MARC21slim.xsd"
    xmlns="http://www.loc.gov/MARC21/slim">

  <leader>01128nab a2200217 i 4500</leader>
  <controlfield tag="001">BPP</controlfield>
  <controlfield tag="003">BPK</controlfield>
  <controlfield tag="005">20150127133138.0</controlfield>
  <controlfield tag="008">150127s1995    pl  |  |     |000 ||pol</controlfield>
  <datafield tag="040" ind1=" " ind2=" ">
    <subfield code="c">BPK</subfield>
  </datafield>
  <datafield tag="080" ind1=" " ind2=" ">
    <subfield code="a">556.3</subfield>
  </datafield>
  <datafield tag="100" ind1=" " ind2=" ">
    <subfield code="a">MALEJ, J&#xF3;zef.</subfield>
    <subfield code="d">1971 - 1996.</subfield>
    <subfield code="b">Wy&#x17C;sza Szko&#x142;a In&#x17C;ynierska w Koszalinie - Wydzia&#x142; Budownictwa i In&#x17C;ynierii &#x15A;rodowiska,</subfield>
    <subfield code="c">Katedra Technologii Wody, &#x15A;ciek&#xF3;w i Odpad&#xF3;w, </subfield>
  </datafield>
  <datafield tag="245" ind1=" " ind2=" ">
    <subfield code="a">Oczyszczanie wody podziemnej o bardzo wysokiej barwie /</subfield>
    <subfield code="c">J&#xF3;zef Malej.</subfield>
  </datafield>
  <datafield tag="260" ind1=" " ind2=" ">
    <subfield code="c">1995.</subfield>
  </datafield>
  <datafield tag="500" ind1=" " ind2=" ">
    <subfield code="a">Dane z autopsji.</subfield>
  </datafield>
  <datafield tag="520" ind1=" " ind2=" ">
    <subfield code="a">Przedstawiono charakterystyk&#x119; uj&#x119;cia wody podziemnej zlokalizowanej w miejscowo&#x15B;ci Giezkowo, wyniki analizy fizyko-chemicznej i bakteriologicznej wody oraz przeanalizowano podstawowe procesy technologiczne (odbarwianie, od&#x17C;elazianie, zmniejszenie utlenialno&#x15B;ci) do jej oczyszczenia.</subfield>
  </datafield>
  <datafield tag="650" ind1=" " ind2="0">
    <subfield code="a">Wody podziemne.</subfield>
  </datafield>
  <datafield tag="650" ind1=" " ind2="0">
    <subfield code="a">Uzdatnianie wody.</subfield>
  </datafield>
  <datafield tag="773" ind1=" " ind2=" ">
    <subfield code="i">W :</subfield>
    <subfield code="t">Zeszyty Naukowe Wydzia&#x142;u Budownictwa i In&#x17C;ynierii &#x15A;rodowiska Wy&#x17C;szej Szko&#x142;y In&#x17C;ynierskiej w Koszalinie. -</subfield>
    <subfield code="g">1995, nr 9, s. 31-43</subfield>
    <subfield code="k">In&#x17C;ynieria &#x15A;rodowiska</subfield>
  </datafield>
  <datafield tag="942" ind1=" " ind2=" ">
    <subfield code="c">ART</subfield>
    <subfield code="2">UKD</subfield>
  </datafield>
  <datafield tag="999" ind1=" " ind2=" ">
    <subfield code="c">3809</subfield>
    <subfield code="d">3809</subfield>
  </datafield>
  <datafield tag="952" ind1=" " ind2=" ">
    <subfield code="0">0</subfield>
    <subfield code="1">0</subfield>
    <subfield code="4">0</subfield>
    <subfield code="7">0</subfield>
    <subfield code="a">BPK</subfield>
    <subfield code="b">BPK</subfield>
    <subfield code="o">0101</subfield>
    <subfield code="y">ART</subfield>
  </datafield>
</record>
